Los fundamentos de la caracterología

Պահպանված է:
Մատենագիտական մանրամասներ
Հիմնական հեղինակ: Klages, Ludwig (Հեղինակ)
Ձևաչափ: Գիրք
Լեզու:իսպաներեն
Հրապարակվել է: Buenos Aires Paidós 1959
Հրատարակություն:2a. ed
Շարք:Biblioteca del hombre contemporáneo, 16
Խորագրեր:
Ցուցիչներ: Ավելացրեք ցուցիչ
Չկան պիտակներ, Եղեք առաջինը, ով նշում է այս գրառումը!

MARC

LEADER 00000nam a2200000 a 4500
001 UCZ2966
003 CL-VaPUC
008 951013e19590000AG |||||||||||||||||spa|d
082 0 4 |a 155.2  |b KLA  |2 21 
100 |a Klages, Ludwig  |e author  |9 346786 
245 1 4 |a Los fundamentos de la caracterología 
250 |a 2a. ed 
300 |a 320 p 
942 |c BK 
945 |d 19951013 00:00:00  |a cmena 
260 |a Buenos Aires  |b Paidós  |c 1959 
650 7 |a CARACTEROLOGIA  |2 CL-VaPUC  |9 336402 
650 0 |a Memoria  |9 266549 
650 0 |a Personalidad   |9 307255 
650 0 |a Sentimientos   |9 334266 
650 7 |a HISTERIA  |2 CL-VaPUC  |9 334741 
583 |a last modification  |c 19951013 00:00:00  |k Rodrigo Vera 
490 0 |a Biblioteca del hombre contemporáneo, 16 
999 |c 239497  |d 239495 
952 |0 0  |1 0  |4 0  |6 155_200000000000000_KLA_1959  |7 0  |8 P  |9 250685  |a BIBEDU  |b BIBEDU  |c BIBEDU_PB  |d 2019-11-18  |i 1570552  |o 155.2 KLA 1959  |p 1570552  |r 2024-01-25  |w 2019-11-18  |y BK  |k FIL